| 000 | 00805nam a2200193 i 4500 | ||
|---|---|---|---|
| 001 | 50252 | ||
| 003 | ES-MaACL | ||
| 005 | 20230906162140.0 | ||
| 007 | t| | ||
| 008 | 030801s1927 sp ||||1| spa d | ||
| 245 | 0 | 3 |
_aLa cuestión del seguro de enfermedad ante la X reunión de la Conferencia Internacional del Trabajo (Ginebra, mayo 1927) : _bantecedentes. |
| 260 |
_aMadrid : _b[s.n.], _c1927 ( _fSobrinos de Suc. de M. Minuesa de los Ríos) |
||
| 300 |
_a145 p. ; _c22 cm. |
||
| 594 | _aPrecede al tít.: Publicaciones del Instituto Nacional de Previsión. | ||
| 611 | 2 | 4 |
_aConferencia Internacional del Trabajo ( _n10ª. _d1927. _cGinebra) _9171579 |
| 650 | 0 | 4 |
_aSeguros de asistencia sanitaria. _9163126 |
| 710 | 2 |
_aInstituto Nacional de Previsión (España) _95180 |
|
| 852 |
_aES-MaACL _j1715-F-26 |
||
| 999 |
_c50252 _d50252 |
||